000 00469nam a2200193Ia 4500
003 OSt
005 20230323100316.0
008 210210b1927 xxu||||| |||| 00| 0 eng d
040 _cAL
041 _aeng
082 _a320/283
100 _aJOAD (C E M)
_976804
245 _aIntroduction to modern political theory
260 _aOxford
_bAt the Clarendon Press
_c1927
300 _a127
690 _aPolitical Theory
_976805
906 _a002031
942 _2ddc
_cBK
999 _c118218
_d118218